Les 20 plus grands pays d'Afrique - Statistiques

Statistiques générales
  • Ce quiz a été pris 235 fois
  • Le résultat moyen est 18 sur 20
Statistiques - réponses
Réponse % Correct
Algerie
100%
République Démocratique du Congo
99%
Afrique du sud
98%
Egypte
97%
Soudan
95%
Libye
94%
Mali
94%
Mauritanie
94%
Niger
94%
Ethiopie
92%
Nigéria
92%
Tchad
90%
Angola
87%
Namibie
87%
Somalie
86%
Tanzanie
85%
Mozambique
83%
Soudan du Sud
83%
Zambie
81%
République Centrafricaine
76%
Aucun quiz correspondant
Distribution des résultats
% des personnes avec chaque résultat
Percentile par nombre de réponses
Votre historique - résultats
Vous n’avez pas pris ce quiz